000 00291nam a22001217a 4500
999 _c165227
_d165227
082 _a
_b
100 _aSeshendra Sharma
245 _aShabd is shatabdi/
_cby Seshendra Sharma.
260 _aNew Delhi:
_bBharathiya Vidya Prakashan,
_c1991.
300 _a175p.
650 _a
942 _cBK